[Event "Dresden op"]
[Site "Dresden"]
[Date "1994.??.??"]
[Round "?"]
[White "Onischuk, Alexander"]
[Black "Rabiega, Robert"]
[Result "1-0"]
[WhiteElo "2585"]
[BlackElo "2475"]

1.c4 e6 2.Nc3 d5 3.d4 Nf6 4.Nf3 dxc4 5.Bg5 Bb4 6.e3 b5 7.a4 c6 8.Be2 Nbd7
9.O-O a6 10.axb5 Bxc3 11.bxc6 Bxb2 12.cxd7+ Bxd7 13.Ra2 c3 14.Ne5 Bb5 15.Nc4 Qd5
16.Bxf6 gxf6 17.e4 Qd8 18.Nxb2 Bxe2 19.Qxe2 cxb2 20.Qxb2 O-O 21.Ra3 Qd6 22.Rf3 Qc6
23.Qe2 Rfc8 24.Rh3 Qc4  1-0

[Event "BL2-N9394"]
[Site "Germany"]
[Date "1994.??.??"]
[Round "?"]
[White "Fedorov, Vladislav"]
[Black "Onischuk, Alexander"]
[Result "0-1"]
[WhiteElo "2445"]
[BlackElo "2535"]

1.e4 e5 2.Nf3 Nc6 3.Bb5 a6 4.Ba4 Nf6 5.O-O b5 6.Bb3 Be7 7.Re1 O-O 8.a4 Rb8
9.axb5 axb5 10.h3 d6 11.c3 b4 12.d3 Bd7 13.d4 Ra8 14.Rxa8 Qxa8 15.Bg5 h6
16.Bh4 Rd8 17.Nbd2 Be8 18.Qc2 bxc3 19.bxc3 g5 20.Bg3 Nh5 21.Nf1 Bf6 22.dxe5 dxe5
23.Kh2 Qa3 24.Ne3 Na5 25.Bd5 Nxg3 26.Kxg3 Bd7 27.Qc1 Qc5 28.Qb2 h5 29.Ra1 g4
30.hxg4 hxg4 31.Nxg4 Bxg4 32.Kxg4 Nc4 33.Qe2 Nb6 34.Ba2 Qxc3 35.Rd1 Ra8 36.Bd5 Nxd5
37.Rxd5 Ra4 38.Nd2 Rd4 39.Nf3 Rb4 40.Kg3 Kg7 41.Rd3 Qc6 42.Rd5 Qe6 43.Qc2 Be7
44.Kh2 f5 45.Kg1 Bd6 46.Rd1 Rxe4 47.Ng5 Qc4 48.Qb1 Rf4 49.Rxd6 cxd6 50.Qb7+ Kg6
51.Qh7+ Kf6 52.g3 Qc1+ 53.Kg2 Rxf2+ 54.Kxf2 Qxg5 55.Qh8+ Qg7 56.Qd8+ Ke6
57.Qe8+ Kf6 58.Qd8+ Qe7 59.Qh8+ Ke6 60.Qg8+ Qf7 61.Qc8+ Qd7 62.Qg8+ Ke7 63.Qg7+ Kd8
64.Qg8+ Kc7 65.Qc4+ Kb8 66.Qb3+ Ka8 67.Qd5+ Ka7 68.Qa2+ Kb6 69.Qb1+ Kc7 70.Qc2+ Kd8
71.Qb3 Qa7+ 72.Kg2 Qa8+ 73.Kh2 Ke7 74.Qc2 Qf8 75.Kg2 Kf6 76.Qd2 Kg6 77.Qd5 Qf6
78.Kh3 Kh6 79.Kg2 Kg7 80.Kh3 e4 81.Kg2 Qb2+ 82.Kh3 Qe5 83.Qb7+ Kf6 84.Qh7 Qc5
85.Qh8+ Ke6 86.Qe8+ Kd5 87.Qa8+ Kd4 88.Qa4+ Qc4 89.Qa1+ Qc3 90.Qf1 Qf3 91.Qa1+ Kd5
92.Qa8+ Kd4 93.Qa7+ Kd3 94.Qa6+ Ke3 95.Qb6+ Ke2 96.Qb2+ Kf1 97.Qa1+ Kf2 98.Qb2+ Qe2
99.Qd4+ e3  0-1

[Event "BL2-N9394"]
[Site "Germany"]
[Date "1994.??.??"]
[Round "?"]
[White "Blatny, Pavel"]
[Black "Onischuk, Alexander"]
[Result "1-0"]
[WhiteElo "2525"]
[BlackElo "2535"]

1.Nf3 Nf6 2.c4 c6 3.b3 d5 4.Bb2 Bg4 5.e3 Nbd7 6.Be2 e6 7.d3 Bb4+ 8.Nbd2 Bxf3
9.gxf3 e5 10.Rg1 O-O 11.a3 Bd6 12.Qc2 b5 13.Nf1 Qb6 14.Ng3 bxc4 15.dxc4 Rfb8
16.b4 Bf8 17.Bc3 Kh8 18.Kf1 a5 19.bxa5 Qb3 20.Qc1 d4 21.exd4 exd4 22.Bxd4 Rxa5
23.Ne4 Rxa3 24.Nxf6 Nxf6 25.Qf4 Rxa1+ 26.Bxa1 Qb1+ 27.Kg2 Qg6+ 28.Kh1 Rb1
29.Bf1 Qxg1+ 30.Kxg1 Rxa1 31.Qc7 c5 32.Qxf7 Ra8 33.Bd3 Re8 34.Be4 Bd6 35.h4 Be5
36.Kf1 Rb8 37.h5 h6 38.Kg2 Re8 39.Bg6 Bd4 40.f4 Rd8 41.Kf3 Re8 42.Qc7 Rf8
43.Ke2 Ra8 44.f3 Rf8 45.Kd3 Ng8 46.Qd6 Ra8 47.Kc2 Nf6 48.Kb3 Be3 49.Qc7 Ng8
50.Bf7 Nf6 51.Qb7 Rf8 52.Qe7 Rb8+ 53.Ka4 Bd4 54.Qd6 Ra8+ 55.Kb5 Nh7 56.Bg6 Rc8
57.Qe7 Rg8 58.Ka6 Rf8 59.Kb7 Rg8 60.Qd6 Rf8 61.Qe7 Rg8 62.f5 Ng5 63.f4 Nf3
64.Qe2 Nh4 65.Bf7 Rd8 66.Be6 Rf8 67.Qg4 Bf6 68.Kc6 Be7 69.Kd7 Bf6 70.Kd6 Rd8+
71.Kxc5 Be7+ 72.Kb5 Rd2 73.Bd5 Bf6 74.Kc6 Rc2 75.Kc7 Rd2 76.Qh3 Re2 77.Be6 Rd2
78.Bd7 Ng2 79.Qa3 Nxf4 80.Qf8+ Kh7 81.Be8 Be5+ 82.Kc8  1-0

[Event "BL2-N9394"]
[Site "Germany"]
[Date "1994.??.??"]
[Round "?"]
[White "Onischuk, Alexander"]
[Black "Federau, Juergen"]
[Result "1-0"]
[WhiteElo "2535"]
[BlackElo "2305"]

1.d4 Nf6 2.c4 e6 3.Nc3 d5 4.cxd5 exd5 5.Bg5 Be7 6.e3 O-O 7.Bd3 Be6 8.Nge2 Nbd7
9.O-O h6 10.Bh4 Nh5 11.Bxe7 Qxe7 12.f3 c5 13.dxc5 Nxc5 14.Bc2 Rfd8 15.Qd4 Rac8
16.Rad1 a5 17.Rfe1 Qf6 18.Bb1 Kf8 19.Rd2 Qxd4 20.Nxd4 Nf6 21.Red1 Rd7 22.Kf2 Rcd8
23.g4 g5 24.h3 Ke7 25.Ncb5 Ne8 26.Rc1 Na6 27.Nf5+ Kf6 28.Nxh6 Ng7 29.h4 gxh4
30.Rh1 Nc7 31.Nd4 Rd6 32.Rxh4 Rb6 33.f4 Nb5 34.g5+ Ke7 35.f5 Nxd4 36.Rhxd4  1-0

[Event "BL2-N9394"]
[Site "Germany"]
[Date "1994.??.??"]
[Round "?"]
[White "Onischuk, Alexander"]
[Black "Hausner, Ivan"]
[Result "1-0"]
[WhiteElo "2535"]
[BlackElo "2480"]

1.d4 d6 2.c4 e5 3.Nf3 exd4 4.Nxd4 g6 5.g3 Bg7 6.Bg2 Ne7 7.Nc3 O-O 8.O-O Nd7
9.Qd2 Nb6 10.b3 d5 11.cxd5 Nexd5 12.Nxd5 Nxd5 13.Bb2 c6 14.Rfd1 Qb6 15.Bxd5 cxd5
16.Nf3 Bxb2 17.Qxb2 Rd8 18.Qd4 Qxd4 19.Nxd4 Be6 20.Rac1 Rac8 21.f3 Kf8 22.Kf2 Ke7
23.Ke3 a6 24.h4 h5 25.Rc2 Rxc2 26.Nxc2 Rc8 27.Nb4 Kd6 28.Kf4 Ke7 29.Nxd5+ Bxd5
30.Rxd5 Rc2 31.Re5+ Kf6 32.a4 b6 33.Re4 Rc5 34.Rc4 Rf5+ 35.Ke4 Re5+ 36.Kd3 Re6
37.Rf4+ Kg7 38.g4 hxg4 39.fxg4 Rc6 40.g5 Rd6+ 41.Kc4 Re6 42.Kd3 Rd6+ 43.Rd4 Rc6
44.Rd7 Rc1 45.Rb7 Rc6 46.e4 Rd6+ 47.Ke3 Rc6 48.Kd4 b5 49.axb5 axb5 50.Rxb5 Rc1
51.b4 Rh1 52.Re5 Rxh4 53.b5 Rh1 54.b6 Rb1 55.Kc5  1-0

[Event "BL2-N9394"]
[Site "Germany"]
[Date "1994.??.??"]
[Round "?"]
[White "Onischuk, Alexander"]
[Black "Hutters, Tomas"]
[Result "1-0"]
[WhiteElo "2535"]
[BlackElo "2420"]

1.d4 Nf6 2.c4 g6 3.Nc3 Bg7 4.e4 d6 5.Be2 O-O 6.Bg5 Nbd7 7.Qd2 c6 8.Nf3 e5
9.O-O exd4 10.Nxd4 Re8 11.Rad1 a5 12.Rfe1 a4 13.Bf1 Qa5 14.f3 Ng4 15.Bf4 Nge5
16.Be3 h5 17.Kh1 h4 18.h3 Nc5 19.Bf2 Qb4 20.a3 Qb6 21.f4 Ned7 22.Bxh4 Nf6
23.e5 dxe5 24.fxe5 Nh7 25.Nf3 Bf5 26.g4 Be6 27.Bf2 Qa5 28.Ne4 Qxd2 29.Rxd2 Nxe4
30.Rxe4 Rad8 31.Rxd8 Rxd8 32.Rd4 Re8 33.Bd3 Nf8 34.Bc2 Nd7 35.Bg3 Nb6 36.Bd3 Nd7
37.Kg2 Nc5 38.Bc2 Ra8 39.Ng5 Bd7 40.Rd1 Be8 41.Bf2 Ne6 42.Nxe6 fxe6 43.Bg3 Bf8
44.h4 b5 45.cxb5 cxb5 46.Be1 Rc8 47.Be4 b4 48.axb4 Rc4 49.Kf3 Bxb4 50.Bf2 Be7
51.Rd2 Kf8 52.g5 Kg7 53.Be3 a3 54.bxa3 Rc3 55.Kf4 Rc4 56.Rd3 Bc6 57.Bd4 Bxe4
58.Kxe4 Ra4 59.Rc3 Rxa3 60.Rc7  1-0

[Event "BL2-N9394"]
[Site "Germany"]
[Date "1994.??.??"]
[Round "?"]
[White "Onischuk, Alexander"]
[Black "Joecks, Christian"]
[Result "1/2-1/2"]
[WhiteElo "2495"]
[BlackElo "2345"]

1.d4 Nf6 2.c4 g6 3.Nc3 Bg7 4.e4 d6 5.Be2 O-O 6.Bg5 Na6 7.Qd2 e5 8.d5 c6 9.Bd1 cxd5
10.cxd5 Bd7 11.Nge2 b5 12.a3 Nc5 13.Bxf6 Bxf6 14.b4 Bg5 15.Qc2 Na4 16.Nxa4 bxa4
17.Nc3 Rc8 18.Qd3 f5 19.O-O Qc7 20.Bxa4 Qxc3 21.Qxc3 Rxc3 22.Bxd7 fxe4 23.g3 Kg7
24.a4 e3 25.fxe3 Bxe3+ 26.Kh1 Rxf1+ 27.Rxf1 Bd2 28.Be6 Rc1 29.Rxc1 Bxc1 30.b5 Bd2
31.Kg2 e4 32.Kf2 Kf6 33.Ke2 Ba5 34.Bg8 h6 35.Be6 Ke5 36.h4 Bb6 37.g4 Kd4
38.Bf7 g5 39.hxg5 hxg5 40.Be6 Kc4 41.Kd2 Kb4 42.Bd7 Kxa4 43.Kc3 Ka5 44.Bf5 e3
45.Bd3 Ka4 46.Be2 Ka3 47.Bf1 Ba5+ 48.Kd3 Bd2 49.Be2 Kb3 50.Bf1  1/2-1/2

[Event "EUCup Gr3"]
[Site "Lubniewice"]
[Date "1994.??.??"]
[Round "1"]
[White "Ruzele, Darius"]
[Black "Onischuk, Alexander"]
[Result "1/2-1/2"]
[WhiteElo "2495"]
[BlackElo "2585"]

1.d4 Nf6 2.c4 e6 3.Nc3 Bb4 4.Qc2 O-O 5.a3 Bxc3+ 6.Qxc3 b6 7.Bg5 Bb7 8.f3 h6
9.Bh4 d5 10.e3 Nbd7 11.cxd5 Nxd5 12.Bxd8 Nxc3 13.Bh4 Nd5 14.Bf2 Rac8 15.Ne2 c5
16.e4 Ne7 17.Nc3 cxd4 18.Bxd4 Nc5 19.Rd1 Nb3 20.Be3 Rfd8 21.Rxd8+ Rxd8 22.Nb5 Nc6
23.Bc4 Na1 24.Kf2 Nc2 25.Rc1 Nxe3 26.Kxe3 Kf8 27.f4 Ke7 28.e5 f6 29.exf6+ gxf6
30.g3 Rd7 31.Be2 a6 32.Nc3 b5 33.Ne4 Nd4 34.Nc5 Nxe2 35.Kxe2 Rc7 36.Rc3 a5
37.Nxb7 Rxb7 38.Rc5 Kd6 39.Rh5 b4 40.a4 f5 41.Rxh6 b3 42.Kd3 Rb4 43.Kc3 Rxa4
44.Kxb3 Re4 45.Rh8 Re2 46.Ka3 Rg2 47.b3 Kc6 48.Rc8+ Kd7 49.Rh8 Kc6 50.Rh6 Kd5
51.Rh7 Kd6 52.Rh8  1/2-1/2

[Event "Moscow ol (Men)"]
[Site "Moscow"]
[Date "1994.??.??"]
[Round "6"]
[White "Popovic, Petar"]
[Black "Onischuk, Alexander"]
[Result "1/2-1/2"]
[WhiteElo "2530"]
[BlackElo "2585"]

1.e4 e5 2.Nf3 Nc6 3.Bb5 a6 4.Ba4 Nf6 5.O-O b5 6.Bb3 Bc5 7.c3 d6 8.d4 Bb6
9.Be3 Bg4 10.dxe5 dxe5 11.Bxb6 cxb6 12.Nbd2 O-O 13.h3 Bxf3 14.Nxf3 Qc7 15.Qe2 Na5
16.Bc2 Rfd8 17.Rfd1 Nc4 18.Bd3 Rd7 19.a4 Rad8 20.axb5 axb5 21.b3 Nb2 22.Qxb2 Rxd3
23.Rxd3 Rxd3 24.Ra8+ Rd8 25.Rxd8+ Qxd8 26.Qe2 Qe8 27.Qe3 Qe6 28.Qd3 g6 29.b4 Qc4
30.Qxc4 bxc4 31.Nxe5 Nxe4 32.Nxc4 b5  1/2-1/2

[Event "Moscow ol (Men)"]
[Site "Moscow"]
[Date "1994.??.??"]
[Round "7"]
[White "Arnason, Jon L"]
[Black "Onischuk, Alexander"]
[Result "1-0"]
[WhiteElo "2525"]
[BlackElo "2585"]

1.c4 e5 2.Nc3 Bb4 3.g3 Nf6 4.Bg2 O-O 5.e4 a5 6.Nge2 d6 7.O-O Nc6 8.h3 Bc5
9.Kh2 Nd4 10.Nxd4 Bxd4 11.Ne2 Bb6 12.f4 exf4 13.Nxf4 Re8 14.d3 c6 15.Rb1 Be6
16.b3 Bd4 17.Ne2 Bg4 18.hxg4 Nxg4+ 19.Kh1 Nf2+ 20.Rxf2 Bxf2 21.Bf3 Qb6 22.Kg2 Be3
23.Bb2 Qc5 24.Qc2 Re6 25.Rh1 Rh6 26.Rxh6 Bxh6 27.d4 Qb6 28.Ba3 Qc7 29.Nc3 b5
30.cxb5 cxb5 31.Qd3 b4 32.Nd5 Qd8 33.Bb2 Rc8 34.Be2 Qe8 35.Nb6 Rd8 36.d5 Bg5
37.Bd4 Qe7 38.Nc4 Qd7 39.Bb6 Rb8 40.Bxa5 Qa7 41.e5 Rb5 42.Qf5 h6 43.e6 Qe7
44.Bd3 fxe6 45.Qh7+ Kf8 46.Bg6  1-0

[Event "Muenster op"]
[Site "Muenster"]
[Date "1994.??.??"]
[Round "2"]
[White "Sicherl, Peter"]
[Black "Onischuk, Alexander"]
[Result "0-1"]
[WhiteElo "2230"]
[BlackElo "2585"]

1.e4 e5 2.Nf3 Nc6 3.Bb5 Nf6 4.d3 d6 5.c3 g6 6.Nbd2 Bg7 7.Nf1 O-O 8.Ng3 a6
9.Ba4 b5 10.Bc2 d5 11.Qe2 h6 12.O-O Be6 13.Rd1 Qe7 14.d4 exd4 15.cxd4 dxe4
16.Ne5 Bd5 17.Bf4 Rfe8 18.a3 Qe6 19.Rac1 g5 20.Be3 Nxe5 21.dxe5 Qxe5 22.Bd4 Qe6
23.Bxf6 Bxf6 24.Nh5 c6 25.Bxe4 Bxe4 26.Qxe4 Bxb2 27.Qxc6 Bxc1 28.Qxc1 Rad8
29.Rxd8 Rxd8 30.Qa1 Qe5  0-1

[Event "Muenster op"]
[Site "Muenster"]
[Date "1994.??.??"]
[Round "3"]
[White "Onischuk, Alexander"]
[Black "Grosse Kloenne, Elmar"]
[Result "1-0"]
[WhiteElo "2585"]
[BlackElo "2295"]

1.d4 Nf6 2.c4 d6 3.Nc3 Nbd7 4.e4 e5 5.d5 Nc5 6.f3 a5 7.Be3 Be7 8.Nge2 h6
9.g3 O-O 10.Bg2 c6 11.O-O cxd5 12.exd5 b6 13.Kh1 Re8 14.Qc2 Bf8 15.h3 Qe7
16.Rae1 g6 17.g4 Bg7 18.Ng3 Bd7 19.Qd2 Kh7 20.g5 Ng8 21.f4 exf4 22.Bxc5 Qf8
23.Bxd6 Qxd6 24.Nce4 Qb4 25.Qxf4 Rf8 26.gxh6 Bxh6 27.Ng5+ Bxg5  1-0

[Event "Muenster op"]
[Site "Muenster"]
[Date "1994.??.??"]
[Round "5"]
[White "Onischuk, Alexander"]
[Black "Thiel, Thomas"]
[Result "1-0"]
[WhiteElo "2585"]
[BlackElo "2320"]

1.d4 Nf6 2.c4 g6 3.Nc3 d5 4.Nf3 Bg7 5.Qb3 dxc4 6.Qxc4 O-O 7.e4 Na6 8.Be2 c5
9.d5 e6 10.O-O exd5 11.exd5 Nb4 12.Bg5 b6 13.Qh4 Bf5 14.Rad1 Qd6 15.Nb5 Qe7
16.Bc4 h6 17.Bxh6 Qe4 18.Bxg7 Kxg7 19.Nd6 Qg4 20.h3 Qxh4 21.Nxf5+ gxf5 22.Nxh4 Ne4
23.Nxf5+ Kf6 24.f3  1-0

[Event "Muenster op"]
[Site "Muenster"]
[Date "1994.??.??"]
[Round "6"]
[White "Klovans, Janis"]
[Black "Onischuk, Alexander"]
[Result "0-1"]
[WhiteElo "2405"]
[BlackElo "2585"]

1.e4 e5 2.Nf3 Nc6 3.Bb5 a6 4.Ba4 Nf6 5.O-O b5 6.Bb3 Be7 7.Re1 O-O 8.a4 Bb7
9.d3 d6 10.Nc3 Na5 11.Ba2 b4 12.Ne2 c5 13.Ng3 Bc8 14.Nd2 Bg4 15.f3 Be6 16.Nc4 Nc6
17.Be3 Rb8 18.Nd2 Qc8 19.Bf2 g6 20.Ne2 Nh5 21.c3 Bxa2 22.Rxa2 Na5 23.Ra1 Qe6
24.Nf1 Bg5 25.Ne3 Nf6 26.c4 h5 27.Rf1 Bh6 28.b3 Nc6 29.Nd5 Nd4 30.Nxd4 cxd4
31.f4 Nxd5 32.cxd5 Qg4 33.fxe5 Qxd1 34.Raxd1 dxe5 35.Bh4 Be3+ 36.Kh1 Rbc8
37.Bf6 Rfe8 38.d6 Rcd8 39.Bxd8 Rxd8 40.Rde1 Rxd6 41.Re2 Rc6 42.Rb2 Rc3 43.Rd1 f5
44.g3 Kf7 45.Kg2 fxe4 46.dxe4 Ke7 47.h4 a5 48.Rbb1 d3 49.Rf1 d2 50.Rfd1 Rc2
51.Kf3 Bh6 52.Ke2 Kd6 53.Rf1 Rc1 54.Rd1 Kc5 55.Rb2 Kd4 56.Rdxd2+ Bxd2 57.Rxd2+ Kxe4
58.Rd6 Rc3 59.Rxg6 Rxb3 60.Ra6 Rxg3 61.Rxa5 Rg2+ 62.Kd1 Ra2 63.Ra8 Kd3 64.Kc1 e4
65.Rd8+ Kc3 66.Rc8+ Kb3 67.Re8 Ra1+ 68.Kd2 Rxa4 69.Rxe4 Ra5 70.Kd1 Ra1+ 71.Kd2 Rh1
72.Rd4 Ka3 73.Kc2 b3+ 74.Kc3 Rc1+ 75.Kd2 b2  0-1

[Event "Muenster op"]
[Site "Muenster"]
[Date "1994.??.??"]
[Round "7"]
[White "Mainka, Romuald"]
[Black "Onischuk, Alexander"]
[Result "1/2-1/2"]
[WhiteElo "2500"]
[BlackElo "2585"]

1.e4 e5 2.Nf3 Nc6 3.Bb5 a6 4.Ba4 Nf6 5.O-O b5 6.Bb3 Be7 7.a4 Bb7 8.d3 O-O
9.Re1 d6 10.c3 Nd7 11.Be3 Bf6 12.Na3 b4 13.Nc4 a5 14.Rc1 bxc3 15.bxc3 Ne7
16.Qc2 d5 17.Ncd2 c5 18.exd5 Nxd5 19.Ne4 Nxe3 20.Rxe3 Bxe4 21.Rxe4 Rb8 22.Rce1 Qb6
23.Bc4 Qb2 24.Qxb2 Rxb2 25.Bb5 Rd8 26.d4 cxd4 27.cxd4 Nf8 28.dxe5 Be7 29.R4e2 Rxe2
30.Rxe2 Bb4 31.g3 Ne6 32.h4 h6 33.Rc2 g5 34.hxg5 hxg5 35.Rc4 Kg7 36.Rg4 Kg6
37.Bc4 Be7 38.Bxe6 fxe6 39.Rd4 Rb8 40.Kg2 Rb2 41.Rc4 Bd8 42.Rc6 Kf5 43.Rc8 Bb6
44.Rf8+ Ke4 45.Nxg5+ Kxe5 46.g4 Rb4 47.Kg3 Rxa4 48.f4+ Kd5 49.Rf7 Ra3+ 50.Kh4 Be3
51.Rf8 Ra4  1/2-1/2

[Event "Muenster op"]
[Site "Muenster"]
[Date "1994.??.??"]
[Round "8"]
[White "Onischuk, Alexander"]
[Black "Golubev, Mihail"]
[Result "1/2-1/2"]
[WhiteElo "2585"]
[BlackElo "2545"]

1.d4 Nf6 2.c4 g6 3.Nc3 Bg7 4.e4 d6 5.Be2 O-O 6.Be3 e5 7.d5 Na6 8.Nf3 Ng4
9.Bg5 f6 10.Bh4 Nh6 11.O-O  1/2-1/2

[Event "World op"]
[Site "Philadelphia"]
[Date "1994.??.??"]
[Round "?"]
[White "Ehlvest, Jaan"]
[Black "Onischuk, Alexander"]
[Result "1/2-1/2"]
[WhiteElo "2610"]
[BlackElo "2535"]

1.d4 Nf6 2.c4 e6 3.Nf3 d5 4.Nc3 c6 5.Bg5 dxc4 6.e4 b5 7.e5 h6 8.Bh4 g5 9.Nxg5 hxg5
10.Bxg5 Nbd7 11.exf6 Bb7 12.g3 c5 13.d5 Nxf6 14.Bg2 Be7 15.O-O Nxd5 16.Bxe7 Kxe7
17.Nxb5 Qb6 18.Na3 Rh4 19.Qd2 Nf4 20.Nxc4 Qa6 21.Bxb7 Nh3+ 22.Kg2 Qxb7+ 23.f3 Rd8
24.Qc3  1/2-1/2

[Event "World op"]
[Site "Philadelphia"]
[Date "1994.??.??"]
[Round "?"]
[White "Byrne, Robert E"]
[Black "Onischuk, Alexander"]
[Result "1/2-1/2"]
[WhiteElo "2460"]
[BlackElo "2535"]

1.e4 e5 2.Nf3 Nc6 3.Bb5 a6 4.Ba4 Nf6 5.O-O b5 6.Bb3 Bb7 7.d3 Be7 8.c4 b4
9.Nbd2 Bc5 10.Ba4 d6 11.Nb3 Nd7 12.Nxc5 Nxc5 13.d4 exd4 14.Nxd4 Qd7 15.Bc2 Nxd4
16.Qxd4 O-O 17.b3 a5 18.a4 Rae8 19.f3 Qe7 20.Bb2 Qe5 21.Rab1 f6 22.Qf2 Qh5
23.Bd4 Ne6 24.Be3 g5 25.Rbd1 Nf4 26.Rd2 Bc6 27.Rfd1 Rf7 28.h3 Ne6 29.Kh2 Rg7
30.Bd3 Kh8 31.Kg1 Qf7 32.c5 dxc5 33.Bxc5 h5 34.Bc4 Qg6 35.Bxe6 Rxe6 36.Rd8+ Kh7
37.g4 Re8 38.Qd4 Qf7 39.Rd3 Rgg8 40.Rxe8 Rxe8 41.Qf2 Bd7 42.Qc2 Be6 43.Bf2 Re7
44.Qc5 Rd7 45.Rxd7 Qxd7 46.Qxa5 hxg4 47.hxg4 Bxb3 48.Qxb4 Bxa4 49.Bd4  1/2-1/2

[Event "BL2-N9495"]
[Site "Germany"]
[Date "1995.??.??"]
[Round "?"]
[White "Giemsa, Stephan"]
[Black "Onischuk, Alexander"]
[Result "1/2-1/2"]
[WhiteElo "2305"]
[BlackElo "2590"]

1.Nf3 d5 2.d4 c6 3.c4 e6 4.e3 Nf6 5.Nbd2 c5 6.b3 Nc6 7.Bb2 cxd4 8.exd4 Be7
9.Bd3 O-O 10.O-O b6 11.Qe2 Bb7 12.Rfd1 Re8 13.Rac1 Bf8 14.Qe3 g6 15.Ne5 dxc4
16.bxc4 Nxe5 17.dxe5 Bc5 18.Qe2 Ng4 19.Qxg4 Qxd3 20.Nb3 Qf5 21.Qxf5 gxf5
22.Nxc5 bxc5 23.Ba3 Rec8 24.f4 Be4 25.Kf2 Rab8 26.Rd2 Rb6 27.Rc3 Ra6 28.Bxc5 Rxc5
29.Rd8+ Kg7 30.Rg3+ Kh6 31.Rh3+ Kg7 32.Rg3+  1/2-1/2

[Event "BL2-N9495"]
[Site "Germany"]
[Date "1995.??.??"]
[Round "?"]
[White "Bagirov, Vladimir"]
[Black "Onischuk, Alexander"]
[Result "1/2-1/2"]
[WhiteElo "2510"]
[BlackElo "2585"]

1.b3 d5 2.Bb2 c6 3.g3 Bg4 4.Bg2 Nd7 5.c4 e6 6.Nf3 Ngf6 7.O-O Be7 8.d4 O-O
9.Nbd2 h6 10.Re1 Bf5 11.Ne5 Nxe5 12.dxe5 Nd7 13.cxd5 cxd5 14.e4 dxe4 15.Nxe4 Nc5
16.Qe2 Nxe4 17.Bxe4 Bxe4 18.Qxe4 Qb6 19.Rac1 Rfd8 20.Red1 Bc5 21.Qf3 Rxd1+
22.Rxd1 Rd8 23.Rxd8+ Qxd8 24.Bc3 Qg5 25.Kg2 Qf5 26.b4 Bb6 27.Qe2 g5 28.h3 Qb1
29.h4 gxh4 30.Qg4+ Kf8 31.Bd2 hxg3 32.Bxh6+ Ke7 33.Bg5+ Kd7 34.Qf3 Qf5 35.Qxb7+ Bc7
36.Qb5+ Kc8 37.Qe8+ Kb7 38.Qb5+ Kc8 39.Qe8+ Kb7 40.Qb5+ Kc8  1/2-1/2

[Event "BL2-N9495"]
[Site "Germany"]
[Date "1995.??.??"]
[Round "?"]
[White "Hansen, Lars Bo"]
[Black "Onischuk, Alexander"]
[Result "1/2-1/2"]
[WhiteElo "2565"]
[BlackElo "2590"]

1.d4 Nf6 2.Nf3 e6 3.c4 b6 4.g3 Ba6 5.Qa4 Bb7 6.Bg2 c5 7.dxc5 Bxc5 8.O-O O-O
9.Nc3 Be7 10.Bf4 a6 11.Rfd1 d6 12.Rac1 Qc7 13.Qb4 Ne8 14.Na4 Nd7 15.Qd2 Nc5
16.Nc3 Ne4 17.Nxe4 Bxe4 18.Ne1 Bxg2 19.Nxg2 h6 20.Qd3 Qb7 21.Ne1 Rc8 22.Qf3 Qd7
23.Qb3 Qc6 24.Qf3 Qd7 25.Qb3 Qc6 26.Qf3  1/2-1/2

[Event "BL2-N9495"]
[Site "Germany"]
[Date "1995.??.??"]
[Round "?"]
[White "Onischuk, Alexander"]
[Black "Kalinitschew, Sergey"]
[Result "1-0"]
[WhiteElo "2590"]
[BlackElo "2465"]

1.d4 d5 2.c4 c6 3.Nc3 Nf6 4.e3 g6 5.Nf3 Bg7 6.Bd3 O-O 7.O-O Bg4 8.h3 Bxf3
9.Qxf3 Qd6 10.b3 Nbd7 11.Bb2 e5 12.Qg3 Qb8 13.dxe5 Nxe5 14.Be2 Ne4 15.Nxe4 dxe4
16.Rad1 Nf3+ 17.gxf3 Qxg3+ 18.fxg3 Bxb2 19.Rd7 exf3 20.Bxf3 Rab8 21.b4 Ba3
22.b5 Bc5 23.bxc6 Bxe3+ 24.Kh1 bxc6 25.Bxc6 f5 26.Re1 Bc5 27.Re5 Rb1+ 28.Kg2 Rb2+
29.Kf1 Bb4 30.Re2 Rb1+ 31.Kg2 Bc5 32.Rd5 Bb6 33.c5 Rc1 34.Ree5 Rc8 35.cxb6 R1xc6
36.b7 Rb8 37.Rd7 Rb6 38.Ree7 h6 39.Rc7 Kf8 40.Rh7 Kg8 41.Rhd7 Rf6 42.Rc8+  1-0

[Event "BL2-N9495"]
[Site "Germany"]
[Date "1995.??.??"]
[Round "?"]
[White "Onischuk, Alexander"]
[Black "Murdzia, Piotr"]
[Result "1-0"]
[WhiteElo "2585"]
[BlackElo "2430"]

1.c4 c5 2.Nc3 Nc6 3.g3 g6 4.Bg2 Bg7 5.a3 d6 6.Rb1 a5 7.d3 e6 8.Nf3 Nge7 9.h4 h6
10.Bd2 O-O 11.Qc1 Kh7 12.Nb5 f5 13.e3 e5 14.Ng1 Be6 15.Ne2 d5 16.Qc2 Qd7
17.cxd5 Bxd5 18.e4 Bg8 19.h5 Nd4 20.Nexd4 cxd4 21.hxg6+ Kxg6 22.a4 Rac8 23.Qd1 f4
24.Bxa5 fxg3 25.fxg3 Be6 26.Qh5+ Kh7 27.Bd2 Rf6 28.Bf3 Rcf8 29.Be2 Bf7 30.Qh2 Bb3
31.Rc1 Nc6 32.a5 Be6 33.Qh4 Qf7 34.Nd6 Qd7 35.Nc4 Qf7 36.Kd1 Qd7 37.Rh2 Kg8
38.b3 R8f7 39.g4 Rg6 40.g5 Qe7 41.Qh5 Kh7 42.Bg4 Bxg4+ 43.Qxg4 Nb4 44.Ke2 Na2
45.Rf1 Nc3+ 46.Ke1 Rxf1+ 47.Kxf1 Qb4 48.Qd7 Qxb3 49.Rxh6+ Rxh6 50.gxh6 Qd1+
51.Kf2 Qe2+ 52.Kg3 Qxd3+ 53.Be3 Ne2+  1-0

[Event "BL2-N9495"]
[Site "Germany"]
[Date "1995.??.??"]
[Round "?"]
[White "Onischuk, Alexander"]
[Black "Rogers, Ian"]
[Result "1/2-1/2"]
[WhiteElo "2590"]
[BlackElo "2570"]

1.c4 e6 2.Nc3 d5 3.d4 Nf6 4.cxd5 exd5 5.Bg5 Be7 6.e3 c6 7.Qc2 Nbd7 8.Bd3 Nf8
9.Nge2 Ne6 10.Bh4 g6 11.O-O O-O 12.Rab1 Ng7 13.b4 a6 14.f3 Nf5 15.Bf2 Nd6
16.e4 dxe4 17.fxe4 Ng4 18.a4  1/2-1/2

[Event "BL2-N9495"]
[Site "Germany"]
[Date "1995.??.??"]
[Round "?"]
[White "Onischuk, Alexander"]
[Black "Seils, Joerg"]
[Result "1-0"]
[WhiteElo "2590"]
[BlackElo "2370"]

1.d4 Nf6 2.c4 e6 3.Nc3 Bb4 4.Qc2 O-O 5.a3 Bxc3+ 6.Qxc3 d6 7.Bg5 Qe7 8.Nf3 Re8
9.e3 Nbd7 10.Be2 b6 11.O-O Ne4 12.Bxe7 Nxc3 13.bxc3 Rxe7 14.Nd2 Bb7 15.a4 a5
16.Nb1 Bc6 17.Bd1 f5 18.Na3 Nf6 19.Nb5 Ne4 20.Bf3 Rf8 21.Rfc1 Ba8 22.Be2 f4
23.exf4 Rxf4 24.f3 Nf6 25.Re1 g5 26.Ra2 h5 27.Bd1 g4 28.fxg4 hxg4 29.Rae2 Kf7
30.Bc2 Bb7 31.Re3 Ne8 32.R1e2 c6 33.Na3 Ba6 34.Bd3 d5 35.Rb2 dxc4 36.Bxc4 b5
37.axb5 cxb5 38.Nxb5 Bxb5 39.Bxb5 Nd6 40.Bd3 Rc7 41.Ra2 Nf5 42.Bxf5 Rxf5
43.Ra3 Rb7 44.Re1 Ke7 45.Rf1 Rg5 46.c4 Rb4 47.Rc1 a4 48.Kf2 Rg8 49.Kg3 Rd8
50.Rd3 Ra8 51.Rcc3 Rb2 52.c5 Kd7 53.Re3 Rd2 54.c6+ Kd6 55.Rc4 a3 56.c7 a2
57.Ra4 Rc8 58.Rea3 Rxc7 59.Rxa2 Rxa2 60.Rxa2 Kd5 61.Re2 Re7 62.Kxg4 Kxd4
63.Kg5 Kd3 64.Re5 Rg7+ 65.Kf6 Rxg2 66.h4 Rh2 67.h5 Kd4 68.Kxe6 Rf2 69.Ra5 Rh2
70.Kf6 Ke4 71.Kg6 Rg2+ 72.Rg5 Ra2 73.h6 Ra6+ 74.Kh5 Ra7 75.Rg7 Ra5+ 76.Kg4 Ra1
77.Re7+ Kd5 78.h7 Rh1 79.Kf5 Kd6 80.Ra7 Rh2 81.Kf6 Rf2+ 82.Kg7 Rg2+ 83.Kf8  1-0

[Event "BL2-N9495"]
[Site "Germany"]
[Date "1995.??.??"]
[Round "?"]
[White "Panzer, Peter"]
[Black "Onischuk, Alexander"]
[Result "0-1"]
[WhiteElo "2420"]
[BlackElo "2585"]

1.d4 Nf6 2.c4 e6 3.Nc3 Bb4 4.Qc2 O-O 5.Nf3 b6 6.a3 Bxc3+ 7.Qxc3 Bb7 8.e3 Ne4
9.Qc2 f5 10.Bd3 d6 11.b4 Nd7 12.O-O Qf6 13.Nd2 Qh4 14.f3 Ng5 15.c5 Bd5 16.Bb2 Nf6
17.cxd6 cxd6 18.Qc7 Ng4 19.fxg4 Qxg4 20.e4 fxe4 21.Rxf8+ Rxf8 22.Rf1 Nh3+
23.Kh1 Nf2+ 24.Kg1 exd3  0-1

[Event "Groningen op"]
[Site "Groningen"]
[Date "1995.??.??"]
[Round "?"]
[White "Onischuk, Alexander"]
[Black "Van der Weide, Karel"]
[Result "1-0"]
[WhiteElo "2575"]
[BlackElo "2325"]

1.c4 Nf6 2.Nc3 g6 3.e4 d6 4.d4 Bg7 5.Be2 O-O 6.Nf3 Nbd7 7.O-O e5 8.Be3 c6
9.d5 Ng4 10.Bg5 f6 11.Bd2 Qe7 12.b4 Nh6 13.dxc6 bxc6 14.b5 Bb7 15.a4 Nf7
16.a5 Rac8 17.a6 Ba8 18.Be3 Nc5 19.Qb1 Rb8 20.Rd1 Bh6 21.Bxc5 dxc5 22.Qc2 Nd8
23.Qa4 Rb6 24.Qa5 Rb8 25.Rab1 Ne6 26.b6 axb6 27.Rxb6 Qc7 28.Rdb1 f5 29.Bf1 Rfd8
30.exf5 gxf5 31.Nh4 Bd2 32.Nxf5 Rxb6 33.Rxb6 Bxc3 34.Qxc3 Qxb6 35.Nh6+ Kf8
36.Qxe5 Ke7 37.Nf5+ Kf7 38.Nd6+ Rxd6 39.Qxd6 Qxa6 40.Qd7+ Kf6 41.Qxh7 Bb7
42.h4 Bc8 43.h5 Nd4 44.Qg6+ Ke7 45.Qg5+ Kd6 46.Qf4+ Ke7 47.Qe5+ Kf7 48.h6 Qa1
49.Qh5+ Kg8 50.Qg6+ Kf8 51.h7 Ne2+ 52.Kh2 Qe5+ 53.Kh1 Qa1 54.Qh6+  1-0

[Event "Groningen op"]
[Site "Groningen"]
[Date "1995.??.??"]
[Round "?"]
[White "Kupreichik, Viktor D"]
[Black "Onischuk, Alexander"]
[Result "0-1"]
[WhiteElo "2525"]
[BlackElo "2575"]

1.e4 e5 2.Nf3 Nc6 3.Bb5 d6 4.d4 Bd7 5.O-O exd4 6.Re1 Nge7 7.b3 a6 8.Bxc6 Nxc6
9.Nxd4 Nxd4 10.Qxd4 Be7 11.Bb2 Bf6 12.e5 dxe5 13.Qb4 b6 14.Bxe5 Bxe5 15.Rxe5+ Be6
16.Nc3 c5 17.Qa4+ b5 18.Qe4 O-O 19.Rd1 Qb6 20.Qe3 Rad8 21.Rxd8 Qxd8 22.f4 b4
23.Ne2 Qd1+ 24.Kf2 Qxc2 25.Rxc5 Qxa2 26.f5 Bxb3 27.f6 Bd1 28.Rg5 g6 29.Re5 Qxe2+
30.Qxe2 Bxe2 31.Kxe2 h5 32.Kd2 Rb8 33.Re4 Rb6 34.Rf4 g5 35.Rf5 Rb5 36.Rf3 b3
37.Kc1 b2+ 38.Kb1 Kh7 39.h4 gxh4 40.Ra3 a5 41.g3 h3  0-1

[Event "Groningen op"]
[Site "Groningen"]
[Date "1995.??.??"]
[Round "?"]
[White "Tratar, Marko"]
[Black "Onischuk, Alexander"]
[Result "0-1"]
[WhiteElo "2405"]
[BlackElo "2575"]

1.Nf3 f5 2.g3 Nf6 3.Bg2 d6 4.d4 g6 5.b3 Bg7 6.Bb2 O-O 7.O-O Ne4 8.Nbd2 Nxd2
9.Qxd2 Nc6 10.Rad1 Qe8 11.Ba3 a5 12.d5 Ne5 13.Nxe5 Bxe5 14.f4 Bg7 15.c4 a4
16.b4 e5 17.dxe6 Bxe6 18.Bxb7 Rb8 19.Bd5 Bxd5 20.Qxd5+ Kh8 21.Qd3 Rf7 22.Rfe1 Re7
23.e3 Re4 24.Rc1 Qe6 25.Qd5 Qe7 26.Kf2 Re8 27.Qd2 Qf6 28.h4 h6 29.Qd1 Qe6
30.Qd5 Qe7 31.Qd2 Kh7 32.Qd3 Bd4 33.Qxd4 Rxd4 34.exd4 Qf7 35.d5 Rxe1 36.Rxe1 Qf6  0-1